Normal view
MARC view
- Customs administration
Entry Topical Term
001 - CONTROL NUMBER
- control field: 65
003 - CONTROL NUMBER IDENTIFIER
- control field: OSt
005 - DATE AND TIME OF LATEST TRANSACTION
- control field: 20170413100556.0
008 - FIXED-LENGTH DATA ELEMENTS
- fixed length control field: 170413|| aca||aabn | a|a d
040 ## - CATALOGING SOURCE
- Original cataloging agency: OSt
- Transcribing agency: OSt
150 ## - HEADING--TOPICAL TERM
- Topical term or geographic name entry element: Customs administration
- Form subdivision: Periodicals
- General subdivision: Law and legislation
670 ## - SOURCE DATA FOUND
- Source citation: Work cat.: (OSt): Global trade and customs journal, 2006-

PORTAL AKMAL
E-MEL JKDM
AKMAL2U
G-BAM
u-PUSTAKA